| 000 | 00692cam a2200205 a 4500 | ||
|---|---|---|---|
| 001 | 000009669 | ||
| 005 | 20200929161649.0 | ||
| 008 | 830504s1978 ve a f000 0 spa | ||
| 040 |
_aDO-SdBNP _bspa _cLC _dBNPHU |
||
| 082 |
_aV862.44 _bN333ó |
||
| 100 | 1 |
_aNazoa, Aquiles, _d1920- _924562 |
|
| 245 | 1 | 0 |
_aObras completas : _bteatro / _cAquiles Nazoa ; selección y prólogo Cesar Rengifo. |
| 260 |
_aCaracas : _bUniversidad Central de Venezuela, Dirección de Cultura, _c1978. |
||
| 300 |
_av. ; _c20 cm. |
||
| 650 | 4 |
_aTeatro venezolano _923074 |
|
| 650 | 4 |
_aLiteratura venezolana _93816 |
|
| 700 | 1 |
_aRengifo, Cesar, _epról. _924563 |
|
| 910 | _aCatalogación por copia / LC | ||
| 049 | _aBNGR | ||
| 999 |
_c9429 _d9429 |
||